| 000 | 00636nam a2200181 i 4500 | ||
|---|---|---|---|
| 001 | 95420 | ||
| 003 | ES-MaACL | ||
| 005 | 20230906181712.0 | ||
| 007 | t| | ||
| 008 | 050530s1919 sp ||||1| spa d | ||
| 100 | 1 |
_aLlanos y Torriglia, Félix de, _d1868-1949 _972719 |
|
| 245 | 1 | 0 |
_aCataluña e Irlanda _b:conferencia del Ilmo. Sr. D. Félix de Llanos y Torriglia leida en la sesión pública de 27 de Enero de 1919. |
| 260 |
_aMadrid : _b[s.n.], _c1919. |
||
| 300 |
_a58 p. ; _c22 cm. |
||
| 594 | _aPrecede al tít.: Real Academia de Jurisprudencia y Legislación. | ||
| 852 |
_aES-MaACL _j1561-F-27 |
||
| 999 |
_c95420 _d95420 |
||